000 00855nam a2200241Ii 4500
003 JO-AjNU
008 230605s9999||||xx |||||||||||||| ||und||
017 _a1427/5713
020 _a9960-9779-2-7
040 _aJO-AjNU
_bara
_erda
_cJO-AjNU
041 _aara
050 1 4 _aBP170.85.N33 2007
100 3 _aالنحوي، عدنان بن علي رضا بن محمد,
_eauthor
_914934
245 0 0 _aمواجهة المشكلات والأخطاء والتقصير وعلاجها
250 _aط1
264 3 1 _aالرياض: دار النحوي للنشر والتوزيع، 2007
300 _a101ص
336 _atext
_btxt
_2rdacontent
337 _aunmediated
_bn
_2rdamedia
338 _avolume
_bnc
_2rdacarrier
490 0 _aالى لقاء المؤمنين وبناء الجيل المؤمن
650 4 _aالدعوة الاسلامية
_914935
999 _aA4101
_c7669
_d7669